000 01005nac a22002897a 4500
001 BR7603087
003 BR-BrBNA
005 20240105113946.0
008 230509b bl.|||m| |||| 00| 0 por d
040 _aBR-BrBNA
_bpor
_cBiblioteca Nacional de Agricultura
072 _aE70; L00
090 _a9410 BR7603087
110 1 _aComissao Estadual de Planejamento Agricola, Cuiaba, MT (Brasil)
_92045
245 1 _aEficiencia operacional na producao de leite nas bacias leiteiras de Cuiaba e Campo Grande - estado de Mato Grosso [Brasil]
260 3 _aCuiaba, MT (Brasil):
_c1976.
300 _a51 p.
490 _aSerie Pesquisa e Planejamento Agricola - Comissao Estadual de Planejamento Agricola de Mato Grosso (Brazil)
_vno. 7602
_x
500 _a9 tables
650 _aCOMERCIALIZACAO
650 _aPRODUCAO LEITEIRA
650 _aLEITE
650 _aCUIABA
650 _aCAMPO GRANDE
650 _aMATO GROSSO
909 _a202312
_bLúcia Elande
_c55
_dLúcia Elande
942 _2AGRIS
_n0
_cMS
999 _c266575
_d266575